000 00244 a2200109 4500
001 68480
040 _cAnchieta - Itaigara
240 1 0 _aEquinodermos., Artrópodes
_l
245 1 0 _aEquinodermos., Artrópodes
650 4 _aArtrópodes
942 _cMU
999 _c68480
_d68480